Tvorba bezpečného prostredia - možnosti prevencie a znižovania kriminality architektonickými prostriedkami

Postupy ako navrhovať, stavať a prevádzkovať bezpečnejšie prostredie. Spolupráca architektúry a ďalších vedných odborov. Systém pravidiel a postupov CPTED - Crime Prevention Through Environmental Design (prevencia kriminality prostredníctvom tvorby prostredia). Európska legislatíva a bezpečnosť mies...

Full description

Saved in:
Bibliographic Details
Main Author: Benkovičová, Lucia
Format: Book Chapter
Language:Slovak
Subjects:
Tags: Add Tag
No Tags, Be the first to tag this record!

MARC

LEADER 00000naa a2200000 4500
001 0181996
005 20231208081104.4
041 0 |a slo 
044 |a SK 
245 1 0 |a Tvorba bezpečného prostredia - možnosti prevencie a znižovania kriminality architektonickými prostriedkami  |c Lucia Benkovičová 
520 |a Postupy ako navrhovať, stavať a prevádzkovať bezpečnejšie prostredie. Spolupráca architektúry a ďalších vedných odborov. Systém pravidiel a postupov CPTED - Crime Prevention Through Environmental Design (prevencia kriminality prostredníctvom tvorby prostredia). Európska legislatíva a bezpečnosť miest. 
610 2 0 |a mestá 
610 2 0 |a urbanizácia 
610 2 0 |a aglomerácie mestské 
610 2 0 |a plánovanie územné 
610 2 0 |a architektúra 
610 2 0 |a prostredie životné 
610 2 0 |a prevencia 
610 2 0 |a kriminalita 
100 1 |a Benkovičová, Lucia